| 000 | 00575nam a2200157Ia 4500 | ||
|---|---|---|---|
| 003 | GCL | ||
| 008 | 140319s9999 xx 000 0 ara d | ||
| 040 |
_aGCL / _cGCL |
||
| 082 | 0 | 4 |
_aد _b050 _bم ع |
| 245 | 1 | 0 |
_aعالم الفكر ( مج29 \ع2 \ 2000) : _bمجلة دورية محكمة تصدر اربع مرات فى السنة |
| 250 | _aالاولى | ||
| 260 |
_aالكويت : _bالمجلس الوطنى للثقافة والفنون والاداب ، _c2000 |
||
| 650 | 0 | 4 | _aالشعر العربى |
| 650 | 0 | 4 | _aالتقدم التكنولوجى |
| 942 |
_2ddc _cCR |
||
| 999 |
_c7661 _d7661 |
||